000 00296nam a22001337a 4500
008 181218b xxu||||| |||| 00| 0 eng d
020 _a9780385023559
041 _aeng
080 _a311
100 _a55
101 _aSTA
245 _aStatistics Made Simple
_cHaysielt.h.t
942 _2udc
_cBK
999 _c53349
_d53349